000 00313nam a2200133Ia 4500
005 20260326235445.0
008 260326s9999||||xx |||||||||||||| ||und||
100 _aJodidio, Philip
245 0 _aSir Norman Foster /
_cPhilip Jodidio
260 _bTaschen
300 _a175 p.
650 _aARQUITECTOS
942 _cBK
999 _c7560
_d7560